000 00583nam a2200181Ia 4500
008 191130s2004##################000#0#eng##
020 _a9780521827263
040 _aACL
_cACL
082 _a338.76600943 ABE
100 _aAbelshauser, Werner
245 _aGerman industry and global enterprise
_cWerner Abelshauser, Wolfgang von Hippel, Jeffrey Allan Johnson et al
260 _aCape Town
_b[publisher not identified]
_c2004
300 _aix, 676 p. 23 cm
700 _aHippel, Wolfgang von
990 _a669ef8ffac10000c5a8ea9d2a731ed6f
991 _a180476
999 _c193790
_d193790